Medicina conductual : intervenciones conductuales en problemas médicos y de salud /

Se presentan estudios sobre procedimientos de intervención de medicina conductual en el tratamiento o prevención de problemas de salud como neurodermatitis, pacientes en coma, dolor agudo de espalda, régimenes de autoejercicio en pacientes severamente quemados, enfermedad de Raynaud, dismenorrea pri...

Descripción completa

Guardado en:
Detalles Bibliográficos
Autor principal: Gil Roales-Nieto, Jesús (ed.)
Otros autores: Ayllón, Teodoro (edición) (edición)
Formato: Libro
Idioma:Español
Publicado: Granada, España : Universidad de Granada, 1991, c1991
Colección:(Monográfica ; Ciencias de la Salud) 108.
Temas:
Etiquetas: Agrega una etiqueta
Sin etiquetas, Sé el primero en etiquetar este registro!

MARC

LEADER 00000nam^a2200000^a^4500
001 000100157
005 20250521000000.0
009 20260310093153.154
020 |a 84-338-1392-7 
037 |a Acervo ITESO - Biblioteca 
041 |a ESP 
082 |a 159.  |b GIL V. 1 
100 |a Gil Roales-Nieto, Jesús  |e (ed.) 
245 1 0 |a Medicina conductual :  |b intervenciones conductuales en problemas médicos y de salud /  |c Ed. de J. Gil Roales-Nieto, T. Ayllón. 
264 4 |a Granada, España :  |b Universidad de Granada,  |c 1991, c1991 
300 |a 460 p. 
336 |a texto  |b txt  |2 rdacontenido 
337 |a sin mediación  |b n  |2 rdamedio 
338 |a volumen  |b nc  |2 rdasoporte 
440 1 |a (Monográfica ;  |v 108.  |p Ciencias de la Salud) 
520 |a Se presentan estudios sobre procedimientos de intervención de medicina conductual en el tratamiento o prevención de problemas de salud como neurodermatitis, pacientes en coma, dolor agudo de espalda, régimenes de autoejercicio en pacientes severamente quemados, enfermedad de Raynaud, dismenorrea primaria, diabetes mellitus, odontología conductual, miopía, hiperlipidemia (gordura), epilepsia, asma crónico, cancer y estrés, cefaleas, trastornos coronarios, prevención de cáncer, SIDA y contaminación radioactiva. 
649 |a XX 
650 |a Medicina Conductual 
650 |a Psicología de la Salud 
650 |a Psicopatología 
650 |a Psicología Clínica 
700 |a Ayllón, Teodoro  |e (edición) 
910 |a Fondo General 
920 |a Impresos - Libros 
930 |a Colección General 
905 |a 101 
901 |a 0500035875  |b IT1  |c ACC  |u 20250521 
902 |a https://opac.biblio.iteso.mx/vufind/Record/000100157